000 00312nam a22001337a 4500
082 _a823
_bJAI/G
100 _aJAIN, KULDEEP
245 _aTHE GINGERBREAD MAN
246 _aTHE GINGERBREAD MAN
_bTHE GINGERBREAD MAN
260 _aNEW DELHI
_bPEGASUS
_c2025
300 _a16
650 _aENGLISH STORY
942 _cBK
999 _c9167
_d9167